000 00536nam a2200193 4500
001 111999
003 ES-MaACL
005 20250824230749.0
007 t|
008 061121s1970 sp r ||||1| spa d
100 1 _aOrozco Delclos, Antonio.
_987341
245 1 0 _aResurrección /
_cAntonio Orozco Delclos.
260 _aMadrid :
_bRialp,
_c1970.
300 _a170 p. ;
_c19 cm.
490 1 _aPatmos ;
_v137
830 0 0 _aPatmos (Rialp)
_v137
_9181154
852 _aES-MaACL
_jC-46368
_bR.74252
999 _c111999
_d111999